|
|
|
|
| LEADER |
00000nam0a2200000 4500 |
| 001 |
327345 |
| 005 |
20231102003942.0 |
| 010 |
|
|
|a 9785942806590
|
| 035 |
|
|
|a (RuTPU)RU\TPU\book\353005
|
| 035 |
|
|
|a RU\TPU\book\348487
|
| 035 |
|
|
|a RU\TPU\book\143931
|
| 090 |
|
|
|a 327345
|
| 100 |
|
|
|a 20170127d2016 m y0rusy50 ca
|
| 101 |
0 |
|
|a rus
|
| 102 |
|
|
|a RU
|
| 105 |
|
|
|a y j 000zy
|
| 200 |
1 |
|
|a Охрана труда от А до Я
|f О. С. Ефремова
|
| 205 |
|
|
|a 9-е изд., перераб. и доп.
|
| 210 |
|
|
|a Москва
|c Альфа-Пресс
|d 2016
|
| 215 |
|
|
|a 503 с.
|
| 330 |
|
|
|a Настоящее практическое пособие даст вам всю необходимую информацию по охране труда. Как проводится сертификация и аттестация рабочих мест. Нормативы обеспечения работников средствами индивидуальной защиты. Вы узнаете, кто из ваших сотрудников подлежит периодическим медицинским осмотрам, а кому положено профилактическое питание, как надлежит расследовать несчастные случаи и профзаболевания. Книга написана в доступной для понимания форме. Она может быть полезна руководителям, юристам, работникам, отвечающим за охрану труда на предприятии (организации) и сотрудникам бухгалтерских и кадровых служб.
|
| 606 |
1 |
|
|a Охрана труда
|x Экономика
|2 stltpush
|3 (RuTPU)RU\TPU\subj\36585
|9 57914
|
| 606 |
1 |
|
|a Охрана труда
|x Метрологическое обеспечение
|2 stltpush
|3 (RuTPU)RU\TPU\subj\47889
|9 66798
|
| 610 |
1 |
|
|a экономика
|
| 610 |
1 |
|
|a труд
|
| 610 |
1 |
|
|a финансирование
|
| 610 |
1 |
|
|a рабочие места
|
| 610 |
1 |
|
|a производственное оборудование
|
| 610 |
1 |
|
|a сертификация
|
| 610 |
1 |
|
|a аттестация
|
| 610 |
1 |
|
|a условия труда
|
| 610 |
1 |
|
|a медицинские осмотры
|
| 610 |
1 |
|
|a спецобувь
|
| 610 |
1 |
|
|a спецодежда
|
| 610 |
1 |
|
|a лечебное питание
|
| 610 |
1 |
|
|a несчастные случаи
|
| 610 |
1 |
|
|a специальные помещения
|
| 610 |
1 |
|
|a профессиональные заболевания
|
| 610 |
1 |
|
|a социальное страхование
|
| 610 |
1 |
|
|a дополнительные гарантии
|
| 610 |
1 |
|
|a пожарная безопасность
|
| 610 |
1 |
|
|a государственный надзор
|
| 610 |
1 |
|
|a государственный контроль
|
| 610 |
1 |
|
|a ответственность
|
| 610 |
1 |
|
|a практические руководства
|
| 610 |
1 |
|
|a обучение
|
| 610 |
1 |
|
|a инструктирование
|
| 610 |
1 |
|
|a медицинские осмотры
|
| 610 |
1 |
|
|a несчастные случаи
|
| 610 |
1 |
|
|a профессиональные заболевания
|
| 610 |
1 |
|
|a вредные производственные факторы
|
| 610 |
1 |
|
|a условия труда
|
| 610 |
1 |
|
|a рабочие места
|
| 610 |
1 |
|
|a пожарная безопасность
|
| 610 |
1 |
|
|a регулирование
|
| 610 |
1 |
|
|a труд
|
| 610 |
1 |
|
|a подростки
|
| 610 |
1 |
|
|a женщины
|
| 610 |
1 |
|
|a государственный контроль
|
| 610 |
1 |
|
|a общественный контроль
|
| 610 |
1 |
|
|a нарушения
|
| 610 |
1 |
|
|a ответственность
|
| 610 |
1 |
|
|a справочники
|
| 610 |
1 |
|
|a практические пособия
|
| 675 |
|
|
|a 658.345(075.8)
|v 3
|
| 686 |
|
|
|a У9(2)248я73
|v LBC/SL-A
|2 rubbk
|
| 700 |
|
1 |
|a Ефремова
|b О. С.
|g Ольга Сергеевна
|
| 801 |
|
1 |
|a RU
|b 63413507
|c 20161006
|
| 801 |
|
2 |
|a RU
|b 63413507
|c 20170201
|g RCR
|
| 900 |
|
|
|a Охрана труда
|
| 942 |
|
|
|c BK
|